| 000 | 01195cam a22003497a 4500 | ||
|---|---|---|---|
| 003 | CHAP | ||
| 005 | 20220817041338.0 | ||
| 008 | 971013s1978 r 00010 d | ||
| 010 | _a11797 | ||
| 011 | _a12769 | ||
| 035 | _a16368 | ||
| 040 | _cCHAP | ||
| 082 |
_a632.95 _bF35 1978 |
||
| 110 | _aFAO | ||
| 245 | 1 | 3 | _aEl empleo de las especificaciones de la FAO para productos destinados a la protección de las plantas |
| 250 | _a2 ed. rev. | ||
| 260 |
_aRoma : _bFAO, _c1978 |
||
| 300 | _a87 p. | ||
| 490 | 0 |
_aFAO. Producción y protección vegetal _v; 13 |
|
| 590 |
_aBATCH-UPD _b10 _c20130110 _lUCH01 _h1630 |
||
| 590 |
_aBATCH-UPD _b10 _c20130410 _lUCH01 _h1023 |
||
| 590 |
_aBATCH-UPD _b10 _c20130914 _lUCH01 _h1428 |
||
| 590 |
_aCONVERSION _b10 _c20130109 _lUCH01 _h1308 |
||
| 650 | 1 | 4 |
_aInsecticidas. _958855 |
| 650 | 1 | 4 |
_aPesticidas _xNormas de calidad. _987566 |
| 830 | 0 |
_aFAO. Producción y protección vegetal _v; 13 _939654 |
|
| 901 | _aBK | ||
| 942 | _cLIBRO | ||
| 949 |
_a632.95 F35 1978 _bBC _cFAO _d-147053 _eFAO1 _h47841 _i16368 _si |
||
| 949 |
_a632.95 F35 1978 _bBC _cFAO _d-147056 _eFAO2 _fc.2 _h29700 _i16368 _si |
||
| 949 |
_a632.954 F36 1978 _bF _cLIBRO _d-28598 _eLIBRO _h2337 _i16368 _si |
||
| 999 |
_c11797 _d11797 |
||